00402cam a22001097a 4500008004000000020001800040245012300058260004200181300001000223700002700233700003200260180718b2017 xxu||||| |||| 00| 0 eng d a9789386453068 aGrowth and diversification in India's emerging economycedited by Pranab Kumar Chattopadhyay and Daya Shankar Kushwaha aNew DelhibNew Delhi Publishersc2017 a158p. aKushwaha, Daya Shankar aChattopadhyay, Pranab Kumar